[Event "BCF-chT2 0203 (4NCL)"]
[Site "West Bromwich"]
[Date "2003.05.03"]
[Round "9.8"]
[White "Khoo, Teresa"]
[Black "Kosteniuk, Oksana"]
[Result "1/2-1/2"]
[WhiteElo "2076"]
[BlackElo "2184"]
[PlyCount "80"]
[EventDate "2002.11.??"]
[EventType "team"]
[EventRounds "11"]
[EventCountry "ENG"]
[SourceTitle "EXT 2004"]
[Source "ChessBase"]
[SourceDate "2003.11.25"]
[SourceVersion "1"]
[SourceVersionDate "2003.11.25"]
[SourceQuality "1"]
[WhiteTeam "Wessex"]
[BlackTeam "Numerica 3CS"]
[WhiteTeamCountry "ENG"]
[BlackTeamCountry "ENG"]

1. e4 c5 2. c3 d5 3. exd5 Qxd5 4. d4 Nf6 5. Nf3 Bg4 6. Be2 e6 7. 0-0 cxd4 8. cxd4 Qa5 9. Qb3 Qb4 10. Bb5+ Nfd7 11. Qxb4 Bxb4 12. Ne5 Bh5 13. a3 Ba5 14. Bf4 a6 15. Ba4 b5 16. Bc2 0-0 17. Be4 Ra7 18. Nc6 Nxc6 19. Bxc6 Nf6 20. Nd2 Rd8 21. Nb3 Bb6 22. Rac1 h6 23. h3 Be2 24. Rfe1 Bc4 25. Nd2 Bd5 26. Bxd5 Rxd5 27. Nf3 Ra8 28. Be3 Ne4 29. Rc6 Ba5 30. Rec1 Rad8 31. Kh2 R5d6 32. R6c2 Bb6 33. Kg1 Kf8 34. Kh2 Ke7 35. Kg1 f6 36. Kh2 R8d7 37. Rc8 Rd8 38. R8c2 R8d7 39. Rc8 Rd8 40. R8c2 R8d7 1/2-1/2

[Event "BCF-chT2 0102 (4NCL)"]
[Site "Birmingham"]
[Date "2002.05.06"]
[Round "11.8"]
[White "Fink Nunn, Petra"]
[Black "Kosteniuk, Oksana"]
[Result "1-0"]
[WhiteElo "2080"]
[BlackElo "2000"]
[PlyCount "49"]
[EventDate "2001.09.22"]
[EventType "team"]
[EventRounds "11"]
[EventCountry "ENG"]
[SourceTitle "EXT 2003"]
[Source "ChessBase"]
[SourceDate "2002.11.25"]
[SourceVersion "1"]
[SourceVersionDate "2002.11.25"]
[SourceQuality "1"]
[WhiteTeam "Beeson Gregory III"]
[BlackTeam "Numerica 3CS"]
[WhiteTeamCountry "ENG"]
[BlackTeamCountry "ENG"]

1. Nf3 d5 2. g3 c5 3. Bg2 Nf6 4. 0-0 Nc6 5. d3 h6 6. Nbd2 Bg4 7. h3 Bxf3 8. Nxf3 e5 9. e4 d4 10. Nh4 Bd6 11. Nf5 0-0 12. f4 Bc7 13. g4 exf4 14. Bxf4 Bxf4 15. Rxf4 Ne5 16. Qe2 Rc8 17. Raf1 b5 18. Nxh6+ gxh6 19. Rxf6 Kg7 20. Qf2 c4 21. Qf4 Ng6 22. Rxf7+ Kg8 23. Qf5 Qg5 24. Qe6 Kh8 25. R1f5 1-0